| 000 | 00710nam a22001937a 4500 | ||
|---|---|---|---|
| 005 | 20251108165455.0 | ||
| 008 | 250721s1994 xx 000 0 ara d | ||
| 082 | 1 | 4 | _aم/217.4/أسر |
| 100 | 1 | _aالأسروشني، مجدالدين محمد بن محمود بن حسين | |
| 245 | 1 | 0 | _aجامع أحكام الصغار / |
| 264 | 1 |
_aالقاهره : _bدار الفضيلة للنشر و التوزيع، _c1994. |
|
| 300 | _a2ج في مجلد واحد | ||
| 650 | 1 | 7 | _aالفقه الحنفي |
| 650 | 1 | 7 | _aالفقه الإسلامي |
| 700 | 1 |
_aالبدري، أبو مصعب _eتحقيق |
|
| 700 | 1 | _aعبد المنعم، محمود عبد الرحمن | |
| 942 |
_2ddc _cREF |
||
| 999 |
_c28788 _d28788 |
||